00872 2200301 4500001002100000005001500021035002000036007000300056008004100059020002200100082001600122084001800138100002900156245004300185250003500228300002800263264003800291336002100329337003000350338002300380040002200403090002200425650003600447850001200483504003100495999002200526990002200548INLIS00000000090378720260310104649 a0010-0326000445ta260310s2025 yoi f ind d a978-623-466-797-404223a297.273 a297.273 MUH m0 aMuhammad AminePengarang10aManajemen hukum waris /cMuhammad Amin aCetakan pertama: Desember 2025 axx, 91 halaman ;c20 cm31aSleman :bZahir Publishing,c2025 2rdacontentateks 2rdamediaatanpa perantara 2rdacarrieravolume aYOPDYOGbinderda aCB-D.11 2025-5807 4aWaris dan pewaris (Hukum Islam) aYOPDYOG aBibliografi: halaman 81-82 aCB-D.11/2025-5807 aCB-D.11/2025-5807